Statistics for FIFA 23 World Cup Marvel Heroes

Click here to take the quiz!

General Stats

  • This quiz has been taken 71 times
    (65 since last reset)
  • The average score is 10 of 21

Answer Stats

RatingPlayer% Correct
91Rudi Völler
78%
86Peter Crouch
67%
89Yaya Toure
67%
90Lucio
61%
90Sean-Pierre Papin
61%
91Diego Forlan
59%
88Saeed Al-Owairan
57%
89Jay-Jay Okocha
55%
88Ebi Smolarek
47%
88Hidetoshi Nakata
45%
87Park Ji-sung
43%
89Rafael Márquez
43%
89Javier Mascherano
41%
87Sidney Govou
41%
89Ricardo Carvalho
39%
88Claudio Marchisio
37%
88Landon Donovan
37%
89Tomas Brolin
37%
88Joan Capdevila
33%
88Dirk Kuyt
29%
88Harry Kewell
27%

Score Distribution

Percentile by Number Answered

Percent of People with Each Score

Your Score History

You have not taken this quiz since the last reset